000 00932nam a2200277 a 4500
999 _c438
_d438
003 ALUPE UNIVERSITY
005 20210813093504.0
008 070612s2008 maua b 001 0 eng d
020 _a9780205522682 (pbk.) :
020 _a0205522688 (pbk.) :
020 _a9780205678693 (International ed.)
020 _a0205678696 (International ed.)
040 _cALUPE UNIVERSITY
042 _aukblsr
050 _aBF713
_b.B465 2008
060 4 _aBF713
_bBER
100 1 _aBerk, Laura E.
245 1 0 _aExploring lifespan development /
_cLaura Berk.
260 _aBoston, Mass. ;
_aLondon :
_bPearson/Allyn and Bacon,
_cc2008.
300 _a1 v. (various pagings) :
_bill. ;
_c28 cm.
504 _aIncludes bibliographical references and index.
650 0 _aDevelopmental psychology.
942 _2lcc
_cBK
_nSO